A kisüzemi szurkolói sör helyzete a jelenlegi, hazai sörpiacon
| Szerző: | |
|---|---|
| További közreműködők: | |
| Dokumentumtípus: | Diplomadolgozat |
| Kulcsszavak: | kisüzemi sör marketing sörfogyasztási szokások sörtörténelem szurkolói sör |
| Online Access: | http://dolgozattar.uni-bge.hu/59761 |
MARC
| LEADER | 00000nta a2200000 i 4500 | ||
|---|---|---|---|
| 001 | dolg59761 | ||
| 005 | 20260409145529.0 | ||
| 008 | 260409suuuu hu om 000 hun d | ||
| 040 | |a BGE Dolgozattár Repozitórium |b hun | ||
| 041 | |a hu | ||
| 100 | 1 | |a Hajdu Timea | |
| 245 | 1 | 2 | |a A kisüzemi szurkolói sör helyzete a jelenlegi, hazai sörpiacon |c Hajdu Timea |h [elektronikus dokumentum] |
| 520 | 3 | |a Szakdolgozatom témájaként a szurkolói sör létjogosultságának kutatását választottam. Gyermekkorom óta rendszeresen járok futballmeccsekre. Bármilyen statisztikai adat nélkül elmondható, hogy az egyik legnépszerűbb ital a mérkőzéseken részvevők körében a sör. Viszont legjobb tudásom szerint a külföldi példákkal ellentétben hazákban egyetlen sörgyártó sem rendelkezik szurkolói sörrel. Véleményem szerint a futball nyelvén ezzel egy hatalmas ziccert hagynak ki. Bízom benne, hogy dolgozatommal alá tudom támasztani az elméletem, miszerint ez egy kiaknázatlan piaci rés a fogyasztók körében. | |
| 695 | |a kisüzemi sör | ||
| 695 | |a marketing | ||
| 695 | |a sörfogyasztási szokások | ||
| 695 | |a sörtörténelem | ||
| 695 | |a szurkolói sör | ||
| 700 | 1 | |a Csulak Gergely |e ths | |
| 856 | 4 | 0 | |u http://dolgozattar.uni-bge.hu/59761/1/Hajdu%20T%C3%ADmea_Szakdolgozat.pdf |z Dokumentum-elérés |
| 856 | 4 | 0 | |u http://dolgozattar.uni-bge.hu/59761/2/Hajdu%20Timea-W8C47X_Szakdolgozat_b%C3%ADr%C3%A1lati_lap-CsG.pdf |z Dokumentum-elérés |
| 856 | 4 | 0 | |u http://dolgozattar.uni-bge.hu/59761/3/Hajdu%20T%C3%ADmea_szerkesztve.pdf |z Dokumentum-elérés |